Normal view
MARC view
- Lopez, Michael S.,
Entry Personal Name
001 - CONTROL NUMBER
- control field: 513
003 - CONTROL NUMBER IDENTIFIER
- control field: URS
005 - DATE AND TIME OF LATEST TRANSACTION
- control field: 20210823161423.0
008 - FIXED-LENGTH DATA ELEMENTS
- fixed length control field: 210823|| aca||aabn | a|a d
040 ## - CATALOGING SOURCE
- Original cataloging agency: URS
100 ## - HEADING--PERSONAL NAME
- Personal name: Lopez, Michael S.,
- Relator term: author.